Sufiyan-E-Chishtiya Dar Hind (Persian) (Record no. 9338)

MARC details
000 -LEADER
fixed length control field 00292nam a22001217a 4500
082 00 - DEWEY DECIMAL CLASSIFICATION NUMBER
Classification number 297.4 BHA
100 ## - MAIN ENTRY--AUTHOR NAME
Author name Bhajjan, Samuel Victor
245 ## - TITLE STATEMENT
Title Sufiyan-E-Chishtiya Dar Hind (Persian)
260 ## - PUBLICATION, DISTRIBUTION, ETC. (IMPRINT)
Place of publication Tehran
Name of publisher Tehran University
Year of publication 1961
300 ## - PHYSICAL DESCRIPTION
Number of Pages 232
650 ## - SUBJECT ADDED ENTRY--TOPICAL TERM
Topical Term Sufism-Chishti
942 ## - ADDED ENTRY ELEMENTS (KOHA)
Koha item type Reading Reference Book
Holdings
Home library Current library Date acquired Source of acquisition Cost, normal purchase price Full call number Accession Number Koha item type
Henry Martyn Institute Library Henry Martyn Institute Library 03/29/2017 Henry Martyh Institute 100.00 297.4 BHA 14115 Reading Reference Book
                   Copyright © 2026 | Henry Martyn Institute | Hyderabad | TS-500052 | INDIA | Implemented by hmi.edu.in
Hit-Count:

Powered by Koha